书目信息 |
| 题名: |
房地产经营
|
|
| 作者: | 田金信 , 刘力 主编 | |
| 分册: | ||
| 出版信息: | 北京 中国建筑工业出版社 1997.03 |
|
| 页数: | 162页 | |
| 开本: | 16开 | |
| 丛书名: | ||
| 单 册: | ||
| 中图分类: | F293.3 | |
| 科图分类: | ||
| 主题词: | 城市经济 , 市政经济 | |
| 电子资源: | ||
| ISBN: | 7-112-02734-9 | |
| 000 | 00612nam0 2200217 45 | |
| 001 | 0006111537 | |
| 005 | 20000611154354.5 | |
| 010 | @a7-112-02734-9@d15.00元 | |
| 100 | @a20000611d1997 km y0chiy0120 ea | |
| 101 | 0 | @achi |
| 105 | @a z 000yy | |
| 200 | 1 | @a房地产经营@AFang Di Chan Jing Ying@f田金信,刘力主编@FTian Jin Xin,Liu Li Zhu Bian |
| 210 | @a北京@c中国建筑工业出版社@d1997.03 | |
| 215 | @a162页@d16开 | |
| 606 | 0 | @a城市经济 |
| 606 | 0 | @a市政经济 |
| 690 | @aF293.3@v3 | |
| 701 | 0 | @a田金信@4主编 |
| 701 | 0 | @a刘力@4主编 |
| 801 | @aCN@bPftUser@c20000611 | |
| 905 | @b203118-126@dF293.3@eT889@f9 | |
| 房地产经营/田金信,刘力主编.-北京:中国建筑工业出版社,1997.03 |
| 162页;16开 |
| ISBN 7-112-02734-9:15.00元 |
| ● |
| 相关链接 |
|
|
|
正题名:房地产经营
索取号:F293.3/T889
 
预约/预借
| 序号 | 登录号 | 条形码 | 馆藏地/架位号 | 状态 | 备注 |
| 1 | 203118 | 202031185 | 社科二线422/409社科库 107排1列1层/ [索取号:F293.3/T889] | 在馆 | |
| 2 | 203119 | 202031194 | 社科二线422/409社科库 107排1列1层/ [索取号:F293.3/T889] | 在馆 | |
| 3 | 203120 | 202031201 | 社科二线422/409社科库 107排1列1层/ [索取号:F293.3/T889] | 在馆 | |
| 4 | 203121 | 202031210 | 社科二线422/409社科库 107排1列1层/ [索取号:F293.3/T889] | 在馆 | |
| 5 | 203122 | 202031229 | 社科库409/409社科库 108排1列2层/ [索取号:F293.3/T889] | 在馆 | |
| 6 | 203123 | 202031238 | 社科二线422/409社科库 107排1列1层/ [索取号:F293.3/T889] | 在馆 | |
| 7 | 203124 | 202031247 | 社科二线422/409社科库 107排1列1层/ [索取号:F293.3/T889] | 在馆 | |
| 8 | 203125 | 202031256 | 社科二线422/409社科库 107排1列1层/ [索取号:F293.3/T889] | 在馆 | |
| 9 | 203126 | 202031265 | 社科库409/409社科库 108排1列2层/ [索取号:F293.3/T889] | 在馆 |